[Event "Delmenhorster SK-SV Empor Berlin"]
[Site "?"]
[Date "2020.09.11"]
[Round "3.1"]
[White "Breitzmann, Sander"]
[Black "Pahl, Erik"]
[Result "1/2-1/2"]
[WhiteElo "1888"]
[BlackElo "2097"]
[PlyCount "90"]
[EventDate "2020.??.??"]
[WhiteTeam "SV Empor Berlin"]
[BlackTeam "Delmenhorster SK"]

1. e4 c5 2. Nf3 d6 3. d4 cxd4 4. Qxd4 Nc6 5. Bb5 Bd7 6. Bxc6 Bxc6 7. Nc3 Nf6 8.
Bg5 e6 9. O-O-O Be7 10. Qd3 Qa5 11. Kb1 O-O 12. h4 h6 13. Bd2 Qa6 14. Qxa6 bxa6
15. Rhe1 Ng4 16. Re2 Rab8 17. Nd4 Bd7 18. f3 Ne5 19. Be1 Rfc8 20. Kc1 Rb7 21.
Nb3 Nc4 22. Nb1 Bf6 23. c3 a5 24. Nd4 a4 25. Bf2 Rcb8 26. Na3 Nxa3 27. bxa3 g6
28. Rc2 Rb1+ 29. Kd2 R1b2 30. g3 a6 31. Kc1 Rb1+ 32. Kd2 Rxd1+ 33. Kxd1 e5 34.
Ne2 Be6 35. Nc1 d5 36. Nd3 dxe4 37. fxe4 Rd8 38. Rd2 Bxa2 39. Nc5 Bb3+ 40. Nxb3
axb3 41. Rxd8+ Bxd8 42. Kc1 f5 43. exf5 gxf5 44. Kb2 Kf7 45. Kxb3 Ke6 1/2-1/2

[Event "Delmenhorster SK-SV Empor Berlin"]
[Site "?"]
[Date "2020.09.11"]
[Round "3.2"]
[White "Pahl, Theis"]
[Black "Mankel, Luca"]
[Result "0-1"]
[WhiteElo "2012"]
[BlackElo "1926"]
[PlyCount "76"]
[EventDate "2020.??.??"]
[WhiteTeam "Delmenhorster SK"]
[BlackTeam "SV Empor Berlin"]

1. e4 c5 2. Nc3 a6 3. g3 b5 4. Bg2 Bb7 5. d3 e6 6. f4 Nf6 7. Nf3 d5 8. O-O dxe4
9. Ng5 Qb6 10. Ngxe4 Nbd7 11. Qe2 Be7 12. f5 Nxe4 13. Nxe4 e5 14. Qg4 c4+ 15.
Kh1 O-O 16. Qe2 cxd3 17. cxd3 Bd5 18. f6 Bxf6 19. Rxf6 Nxf6 20. Nxf6+ Qxf6 21.
Bxd5 Rac8 22. Be3 Qd6 23. Qf3 Rcd8 24. Be4 f5 25. Bb7 Qxd3 26. Bc5 Qxf3+ 27.
Bxf3 Rf7 28. Rd1 Rfd7 29. Rxd7 Rxd7 30. Bb4 g5 31. Bc6 Rc7 32. Bd5+ Kg7 33. Bc3
Kf6 34. a3 a5 35. Bb3 b4 36. axb4 axb4 37. Bd2 Rd7 38. Bc1 Ra7 0-1

[Event "Delmenhorster SK-SV Empor Berlin"]
[Site "?"]
[Date "2020.09.11"]
[Round "3.3"]
[White "Ellert, Oliver"]
[Black "Alhamid, Mohamad"]
[Result "1-0"]
[WhiteElo "1764"]
[BlackElo "1796"]
[PlyCount "79"]
[EventDate "2020.??.??"]
[WhiteTeam "SV Empor Berlin"]
[BlackTeam "Delmenhorster SK"]

1. d4 Nf6 2. Bf4 Nh5 3. Bg3 Nxg3 4. hxg3 e6 5. Nf3 d5 6. e3 c5 7. c3 Nc6 8. Bd3
g6 9. Nbd2 Bg7 10. Qe2 Qe7 11. Bc2 e5 12. dxe5 Bg4 13. Qb5 a6 14. Qa4 h5 15.
Bd1 b5 16. Qc2 Rd8 17. O-O Bxf3 18. Nxf3 Nxe5 19. e4 d4 20. cxd4 Nxf3+ 21. Bxf3
Bxd4 22. Rad1 h4 23. g4 h3 24. g3 Kf8 25. Kh2 Kg7 26. b3 Qf6 27. Qe2 Rde8 28.
Bh1 Qe6 29. Qf3 a5 30. Rfe1 Qe5 31. Re2 b4 32. Rde1 Qe6 33. Rc1 f5 34. gxf5
gxf5 35. Rce1 Qf6 36. exf5 Rxe2 37. Rxe2 Rf8 38. Qg4+ Kh7 39. Re6 Qxf5 40. Be4
1-0

[Event "Delmenhorster SK-SV Empor Berlin"]
[Site "?"]
[Date "2020.09.11"]
[Round "3.4"]
[White "Wander, Dennis"]
[Black "Fricke, Janek Konrad"]
[Result "1/2-1/2"]
[WhiteElo "1529"]
[BlackElo "1596"]
[PlyCount "77"]
[EventDate "2020.??.??"]
[WhiteTeam "Delmenhorster SK"]
[BlackTeam "SV Empor Berlin"]

1. e4 c5 2. Nf3 d6 3. d4 cxd4 4. Nxd4 Nf6 5. Nc3 a6 6. Bg5 e6 7. f4 Be7 8. Qf3
Qc7 9. O-O-O Nc6 10. Bxf6 Bxf6 11. Nxc6 Qxc6 12. g4 h6 13. Bg2 Bd7 14. Qg3 Be7
15. Rd3 Rb8 16. e5 d5 17. Rhd1 Qb6 18. f5 Bg5+ 19. Kb1 exf5 20. h4 f4 21. Qh2
Be7 22. Nxd5 Qc5 23. Nxe7 Bxg4 24. Nd5 Bxd1 25. Rxd1 Rc8 26. c3 O-O 27. b4 Qf2
28. Ne7+ Kh8 29. Nxc8 Rxc8 30. Qh3 Rc7 31. Be4 g6 32. Qd3 Qxh4 33. Rg1 Qe7 34.
Qd4 Kh7 35. Qd3 Kh8 36. Bxg6 fxg6 37. Qxg6 Qh7 38. Qxh7+ Kxh7 39. Rf1 1/2-1/2

[Event "Mattnetz Berlin-Hamburger SK"]
[Site "?"]
[Date "2020.09.11"]
[Round "3.1"]
[White "Kotyk, Michael"]
[Black "Bui, Bao Anh Le"]
[Result "1-0"]
[WhiteElo "1993"]
[BlackElo "2053"]
[PlyCount "81"]
[EventDate "2020.??.??"]
[WhiteTeam "Hamburger SK"]
[BlackTeam "Mattnetz Berlin"]

1. Nf3 c5 2. c4 Nc6 3. g3 e5 4. Nc3 d6 5. a3 a5 6. Bg2 g6 7. d3 Nge7 8. O-O Bg7
9. Ne1 Be6 10. Nc2 d5 11. cxd5 Nxd5 12. Ne3 Nb6 13. Bxc6+ bxc6 14. Ne4 Qe7 15.
Qc2 Nd7 16. Nc4 O-O 17. Be3 Bh3 18. Rfc1 h6 19. Ncd2 f5 20. Bxc5 Nxc5 21. Qxc5
Qe6 22. Nc3 Kh7 23. Na4 Rac8 24. Qc4 Qe7 25. Rab1 Rcd8 26. Nc5 Rd6 27. Rc2 Rfd8
28. Nf1 e4 29. b4 exd3 30. Nxd3 axb4 31. Qxb4 Qf6 32. Nf4 Bxf1 33. Rxf1 Rd1 34.
Rc1 Rxf1+ 35. Kxf1 Qe5 36. Qc4 Re8 37. Qxc6 g5 38. Qg6+ Kg8 39. Nh5 Qe7 40. Kg1
Qe5 41. Nxg7 1-0

[Event "Mattnetz Berlin-Hamburger SK"]
[Site "?"]
[Date "2020.09.11"]
[Round "3.2"]
[White "Schnabel, Luise"]
[Black "Klaas, Heiko"]
[Result "1-0"]
[WhiteElo "1932"]
[BlackElo "1950"]
[PlyCount "59"]
[EventDate "2020.??.??"]
[WhiteTeam "Mattnetz Berlin"]
[BlackTeam "Hamburger SK"]

1. e4 e5 2. Nf3 Nc6 3. Bb5 a6 4. Bxc6 dxc6 5. O-O Bg4 6. h3 h5 7. d3 Qf6 8. Be3
Bxf3 9. Qxf3 Qxf3 10. gxf3 Bd6 11. Nd2 Ne7 12. Rfd1 Ng6 13. Kf1 f5 14. Nc4 a5
15. Bd2 b6 16. Ke2 Ne7 17. Rg1 Kf7 18. a4 Rhg8 19. Rg5 g6 20. Rag1 c5 21. Bc3
Ke6 22. f4 fxe4 23. fxe5 Nd5 24. exd6 Nf4+ 25. Ke3 Rgf8 26. Re5+ Kd7 27. dxc7
Kxc7 28. dxe4 Rad8 29. Re7+ Rd7 30. Be5+ 1-0

[Event "Mattnetz Berlin-Hamburger SK"]
[Site "?"]
[Date "2020.09.11"]
[Round "3.3"]
[White "Mandelkow, Elias"]
[Black "Ho, Ngoc Hai-Dang"]
[Result "1/2-1/2"]
[WhiteElo "1845"]
[BlackElo "1855"]
[PlyCount "85"]
[EventDate "2020.??.??"]
[WhiteTeam "Hamburger SK"]
[BlackTeam "Mattnetz Berlin"]

1. d4 Nf6 2. c4 e5 3. dxe5 Ng4 4. Bf4 Nc6 5. Nf3 Bb4+ 6. Nbd2 Qe7 7. e3 Ngxe5
8. Nxe5 Nxe5 9. Be2 O-O 10. O-O Bxd2 11. Qxd2 d6 12. Qc3 f6 13. Rac1 b6 14.
Rfd1 Bb7 15. c5 dxc5 16. b4 Rad8 17. Rxd8 Rxd8 18. bxc5 Qxc5 19. Qxc5 bxc5 20.
Bxe5 fxe5 21. Rxc5 Rd2 22. Bc4+ Kf8 23. Bb3 e4 24. h3 Rd7 25. Ra5 a6 26. Re5 g6
27. h4 Re7 28. Rc5 Kg7 29. h5 Kf6 30. hxg6 hxg6 31. Kf1 c6 32. Ke2 Re5 33. Rc4
a5 34. Rd4 Ke7 35. Bc2 c5 36. Rd1 Rd5 37. Rb1 Rd7 38. Rh1 Kf6 39. Rh4 Ke5 40.
Rg4 Kf5 41. f3 Ba6+ 42. Ke1 Bd3 43. Bxd3 1/2-1/2

[Event "Mattnetz Berlin-Hamburger SK"]
[Site "?"]
[Date "2020.09.11"]
[Round "3.4"]
[White "Franz, Franz Theodor"]
[Black "Reyes-Mantilla, Andrés Mauricio"]
[Result "0-1"]
[WhiteElo "1587"]
[BlackElo "1461"]
[PlyCount "70"]
[EventDate "2020.??.??"]
[WhiteTeam "Mattnetz Berlin"]
[BlackTeam "Hamburger SK"]

1. e4 c5 2. Nf3 e6 3. d4 cxd4 4. Nxd4 a6 5. Nc3 Qc7 6. a3 Nf6 7. Be2 Be7 8. O-O
O-O 9. Be3 b5 10. f3 Bb7 11. Rc1 Rd8 12. Qe1 d5 13. exd5 Nxd5 14. Nxd5 Bxd5 15.
Qf2 Nd7 16. Rfd1 Bc4 17. Bxc4 Qxc4 18. Rd3 Rac8 19. b3 Qc7 20. Ra1 h6 21. a4 b4
22. Bd2 Bc5 23. f4 Nf6 24. Be3 Ng4 25. Qf3 Nxe3 26. Qxe3 Qa7 27. Rad1 Rd5 28.
Kf1 Rcd8 29. Nc6 Bxe3 30. Nxa7 Bxa7 31. Ke2 Rxd3 32. Rxd3 Rxd3 33. Kxd3 a5 34.
Kc4 Bb8 35. Kb5 Bc7 0-1

[Event "Schachzwerge Magd.-Greifswalder SV"]
[Site "?"]
[Date "2020.09.11"]
[Round "3.1"]
[White "Fromm, Marius"]
[Black "Zeuner, Ole"]
[Result "1-0"]
[WhiteElo "2181"]
[BlackElo "1854"]
[PlyCount "89"]
[EventDate "2020.??.??"]
[WhiteTeam "Greifswalder SV"]
[BlackTeam "Schachzwerge Magd."]

1. e4 e5 2. Nf3 Nc6 3. Bc4 Nf6 4. d3 h6 5. c3 d6 6. O-O g6 7. Re1 Bg7 8. Nbd2
O-O 9. a4 Qe7 10. Nf1 Be6 11. Bxe6 Qxe6 12. b4 a6 13. Ng3 d5 14. Qe2 Rfd8 15.
Be3 Ng4 16. h3 Nxe3 17. fxe3 Ne7 18. d4 dxe4 19. Nxe4 Nd5 20. a5 Qc6 21. Rac1
Nxb4 22. cxb4 Qxe4 23. Rxc7 exd4 24. Qc4 Qd5 25. Qxd5 Rxd5 26. exd4 Bxd4+ 27.
Nxd4 Rxd4 28. Rxb7 Rad8 29. Rf1 R8d7 30. Rxd7 Rxd7 31. Rf6 Ra7 32. Kf2 Kf8 33.
Rb6 Ke7 34. Ke3 h5 35. Ke4 Ke8 36. Ke5 Ke7 37. h4 Kd7 38. Kf6 Kc8 39. g3 Kd8
40. Rb8+ Kc7 41. Rf8 Kc6 42. Rxf7 Ra8 43. Kxg6 Kb5 44. Rb7+ Kc4 45. Kxh5 1-0

[Event "Schachzwerge Magd.-Greifswalder SV"]
[Site "?"]
[Date "2020.09.11"]
[Round "3.2"]
[White "Stockmann, Till"]
[Black "Kallweit, Paul"]
[Result "1-0"]
[WhiteElo "1981"]
[BlackElo "1965"]
[PlyCount "79"]
[EventDate "2020.??.??"]
[WhiteTeam "Schachzwerge Magd."]
[BlackTeam "Greifswalder SV"]

1. e4 c5 2. Nf3 e6 3. d4 cxd4 4. Nxd4 Nc6 5. Be3 Qc7 6. Nc3 a6 7. Be2 Nf6 8. f4
Bb4 9. Bf3 Na5 10. Nde2 Nc4 11. Qd4 Nxe3 12. Qxe3 d6 13. O-O-O O-O 14. g4 Rd8
15. h4 Nd7 16. h5 b5 17. g5 Qb6 18. Qd2 Bb7 19. Kb1 Nc5 20. Qd4 Bxc3 21. Nxc3
b4 22. Ne2 Qc7 23. Qe3 Rac8 24. g6 h6 25. f5 f6 26. fxe6 Nxe6 27. Qb3 Qc4 28.
Bg4 Qxb3 29. axb3 Re8 30. Rxd6 Bxe4 31. Bxe6+ Rxe6 32. Rxe6 Bxh1 33. Rxa6 Be4
34. Nd4 f5 35. Kc1 Rd8 36. c3 Rd7 37. Nxf5 bxc3 38. bxc3 Rc7 39. Re6 Bc6 40.
Rxc6 1-0

[Event "Schachzwerge Magd.-Greifswalder SV"]
[Site "?"]
[Date "2020.09.11"]
[Round "3.3"]
[White "Khanbekyan, Areg"]
[Black "Morgenstern, Tobias"]
[Result "1-0"]
[WhiteElo "1749"]
[BlackElo "1922"]
[PlyCount "67"]
[EventDate "2020.??.??"]
[WhiteTeam "Greifswalder SV"]
[BlackTeam "Schachzwerge Magd."]

1. e4 e5 2. Nf3 Nc6 3. Bb5 a6 4. Ba4 Nf6 5. d3 b5 6. Bb3 d6 7. c3 Be7 8. O-O
O-O 9. Re1 Na5 10. Bc2 c5 11. Nbd2 Qc7 12. Nf1 Nc6 13. Ng3 d5 14. Bg5 dxe4 15.
dxe4 Be6 16. Nh4 Rfd8 17. Qc1 Ne8 18. Nhf5 Nd6 19. Bxe7 Nxe7 20. Qg5 Bxf5 21.
exf5 f6 22. Qg4 Kh8 23. Nh5 Nd5 24. Rad1 Nc4 25. Be4 Ncb6 26. Rd3 Rab8 27. Red1
c4 28. R3d2 Qf7 29. Bxd5 Rxd5 30. Rxd5 Nxd5 31. Rxd5 g6 32. fxg6 hxg6 33. Rd7
gxh5 34. Qf5 1-0

[Event "Schachzwerge Magd.-Greifswalder SV"]
[Site "?"]
[Date "2020.09.11"]
[Round "3.4"]
[White "Heutling, Elina"]
[Black "Khanbekyan, Aram"]
[Result "1-0"]
[WhiteElo "1904"]
[BlackElo "877"]
[PlyCount "105"]
[EventDate "2020.??.??"]
[WhiteTeam "Schachzwerge Magd."]
[BlackTeam "Greifswalder SV"]

1. e4 c5 2. Nf3 Nc6 3. d4 cxd4 4. Nxd4 g6 5. c4 Bg7 6. Be3 Nf6 7. Nc3 O-O 8.
Be2 d6 9. O-O Bd7 10. h3 Rc8 11. Qd2 Nxd4 12. Bxd4 a6 13. Rae1 Qa5 14. Bd3 b5
15. b3 Be6 16. cxb5 Nh5 17. Bxg7 Nxg7 18. Nb1 Qxd2 19. Nxd2 axb5 20. Bxb5 Rc2
21. Nf3 Rxa2 22. Nd4 Bxb3 23. Nxb3 Rb8 24. Nc1 Rb2 25. Bd3 R2b6 26. Ne2 Rb2 27.
Nf4 e5 28. Nd5 Ne6 29. Rb1 Rxb1 30. Rxb1 Rxb1+ 31. Bxb1 f5 32. exf5 gxf5 33.
Bxf5 h6 34. Bxe6+ Kg7 35. Ne3 Kf6 36. Bd5 h5 37. Kh2 h4 38. Nc4 Ke7 39. g3
hxg3+ 40. fxg3 Kd7 41. h4 Ke7 42. h5 Kf8 43. Nxd6 Kg7 44. g4 Kh8 45. Nf7+ Kg7
46. h6+ Kg6 47. g5 Kh7 48. Be4+ Kg8 49. h7+ Kxf7 50. h8=Q Ke6 51. Qf6+ Kd7 52.
g6 Ke8 53. Bc6# 1-0

[Event "Schvgg Blankenese-Lübecker SV"]
[Site "?"]
[Date "2020.09.11"]
[Round "3.1"]
[White "Bornholdt, Joa Max"]
[Black "von Rosen, Jakob"]
[Result "1-0"]
[WhiteElo "1914"]
[BlackElo "1827"]
[PlyCount "113"]
[EventDate "2020.??.??"]
[WhiteTeam "Lübecker SV"]
[BlackTeam "Schvgg Blankenese"]

1. e4 c5 2. Nf3 d6 3. d4 cxd4 4. Nxd4 Nf6 5. Nc3 a6 6. Rg1 e5 7. Nb3 Nc6 8. g4
Be6 9. g5 Nd7 10. Be3 Be7 11. Qd2 b5 12. O-O-O Nc5 13. Bg2 O-O 14. f4 Na5 15.
Nxa5 Qxa5 16. Kb1 b4 17. Nd5 Bxd5 18. Qxd5 Qc7 19. h4 exf4 20. Bxf4 Rfd8 21. g6
hxg6 22. h5 gxh5 23. Qxh5 Bf6 24. Bg5 Bxg5 25. Qxg5 Ne6 26. Qh4 Rac8 27. Rd2
Nd4 28. Rh1 f6 29. Qh7+ Kf7 30. Qh5+ Ke7 31. Qg6 Ne6 32. Rh7 Rg8 33. Bh3 Rcf8
34. Bxe6 Kxe6 35. Qg4+ Kf7 36. Rg2 Qe7 37. Qh5+ Ke6 38. Qf5+ Kf7 39. Qg6+ Ke6
40. Qg4+ Kf7 41. Qh5+ Ke6 42. Qd5+ Kd7 43. Qb7+ Ke6 44. Qxb4 Ra8 45. Qb3+ Kd7
46. Qb7+ Ke6 47. Qc6 a5 48. a4 Qf7 49. Rg3 Qe7 50. Ka1 Qf7 51. Rb3 Rgb8 52.
Rxb8 Rxb8 53. Qc4+ d5 54. exd5+ Kd7 55. Qc6+ Kd8 56. Qd6+ Kc8 57. Rh8+ 1-0

[Event "Schvgg Blankenese-Lübecker SV"]
[Site "?"]
[Date "2020.09.11"]
[Round "3.2"]
[White "Burgtorf, Benjamin"]
[Black "Sickmann, Lisa"]
[Result "1-0"]
[WhiteElo "1821"]
[BlackElo "1603"]
[PlyCount "59"]
[EventDate "2020.??.??"]
[WhiteTeam "Schvgg Blankenese"]
[BlackTeam "Lübecker SV"]

1. d4 d5 2. c4 e6 3. Nc3 Nf6 4. cxd5 exd5 5. Bg5 Bd6 6. e3 c6 7. Bd3 h6 8. Bh4
O-O 9. Nge2 Bg4 10. Qc2 Bxe2 11. Qxe2 Nbd7 12. Bg3 Bb4 13. O-O Re8 14. a3 Ba5
15. Rfc1 Nf8 16. Qf3 Qe7 17. b4 Bb6 18. Na4 Ne4 19. Bxe4 dxe4 20. Qf4 Ng6 21.
Qd6 Qxd6 22. Bxd6 Ne7 23. Bxe7 Rxe7 24. Rc2 Rc7 25. Rac1 Rac8 26. g4 g5 27. Nc3
Re7 28. Nd5 Re6 29. b5 Rd6 30. Ne7+ 1-0

[Event "Schvgg Blankenese-Lübecker SV"]
[Site "?"]
[Date "2020.09.11"]
[Round "3.3"]
[White "Poetzsch-Heffter, Frieder"]
[Black "Sell, Eero"]
[Result "0-1"]
[WhiteElo "1501"]
[BlackElo "1744"]
[PlyCount "58"]
[EventDate "2020.??.??"]
[WhiteTeam "Lübecker SV"]
[BlackTeam "Schvgg Blankenese"]

1. e4 e5 2. Nf3 Nc6 3. Bc4 Bc5 4. d3 Nf6 5. c3 d6 6. Nbd2 a6 7. Bb3 Bg4 8. O-O
O-O 9. Re1 Ne7 10. Nf1 Ng6 11. h3 Be6 12. Ng3 Qd7 13. Be3 Bxe3 14. Rxe3 h6 15.
d4 Bxb3 16. Qxb3 Rfd8 17. Nf5 Kh7 18. Rd1 Nxe4 19. Nxh6 gxh6 20. Rxe4 f5 21.
Ree1 e4 22. Nd2 d5 23. Nf1 Rg8 24. Ne3 c6 25. Rf1 f4 26. Ng4 Raf8 27. Qc2 h5
28. Nh2 f3 29. Rfe1 Nh4 0-1

[Event "Schvgg Blankenese-Lübecker SV"]
[Site "?"]
[Date "2020.09.11"]
[Round "3.4"]
[White "Schacht, David"]
[Black "Monakhov, Boris"]
[Result "1/2-1/2"]
[WhiteElo "1430"]
[BlackElo "1359"]
[PlyCount "65"]
[EventDate "2020.??.??"]
[WhiteTeam "Schvgg Blankenese"]
[BlackTeam "Lübecker SV"]

1. e4 c5 2. Nc3 e6 3. f4 Nc6 4. Nf3 d5 5. d3 dxe4 6. dxe4 Qxd1+ 7. Nxd1 Be7 8.
Be2 b6 9. O-O Bb7 10. Nc3 Rd8 11. f5 Nd4 12. Ng5 exf5 13. exf5 Bxg5 14. Bxg5 f6
15. Bf4 Nxc2 16. Bb5+ Kf8 17. Rfd1 Rd4 18. Rxd4 cxd4 19. Bd6+ Ne7 20. Rc1 dxc3
21. Rxc2 cxb2 22. Rxb2 a6 23. Ba4 Kf7 24. Rxb6 Bd5 25. Bb3 Bxb3 26. axb3 Nxf5
27. Bc5 Rc8 28. b4 a5 29. g4 axb4 30. Rb7+ Ke8 31. Bxb4 Rc1+ 32. Kf2 Rc2+ 33.
Kf3 1/2-1/2

[Event "1. SC Anhalt-SG Jasmund"]
[Site "?"]
[Date "2020.09.11"]
[Round "3.1"]
[White "Johlke, Lukas"]
[Black "Fathke, Luke"]
[Result "1/2-1/2"]
[WhiteElo "1732"]
[BlackElo "1643"]
[PlyCount "26"]
[EventDate "2020.??.??"]
[WhiteTeam "SG Jasmund"]
[BlackTeam "1. SC Anhalt"]

1. e4 d5 2. exd5 Qxd5 3. Nc3 Qa5 4. Bc4 Nf6 5. Nf3 Bf5 6. O-O e6 7. Re1 Bd6 8.
d4 O-O 9. Ne5 c6 10. Bd3 Bxd3 11. Qxd3 Nd5 12. Re4 Nxc3 13. Qxc3 Qd8 1/2-1/2

[Event "1. SC Anhalt-SG Jasmund"]
[Site "?"]
[Date "2020.09.11"]
[Round "3.2"]
[White "Schröter, Christopher"]
[Black "Johlke, Lorenz"]
[Result "1-0"]
[WhiteElo "1641"]
[BlackElo "1643"]
[PlyCount "99"]
[EventDate "2020.??.??"]
[WhiteTeam "1. SC Anhalt"]
[BlackTeam "SG Jasmund"]

1. d4 Nf6 2. g3 e6 3. Bg2 c5 4. e3 d5 5. Nf3 Nc6 6. O-O h5 7. dxc5 Bxc5 8. Nbd2
Qd6 9. c4 Bb6 10. cxd5 Nxd5 11. Nc4 Qc7 12. Nxb6 Nxb6 13. Nd4 Nxd4 14. Qxd4 O-O
15. Rd1 Bd7 16. b3 Nd5 17. Bb2 Nf6 18. Rac1 Bc6 19. Bxc6 bxc6 20. Qc5 Nd5 21.
Qxc6 Qxc6 22. Rxc6 Nb4 23. Rc4 Nd5 24. Bd4 Nb6 25. Bxb6 axb6 26. Rd2 Rfd8 27.
Rdc2 Ra7 28. Rb4 Rb8 29. a4 Kf8 30. Kf1 Ke7 31. Ke2 Rd7 32. Rc6 Rdb7 33. Kd3
Kd7 34. Rc2 g6 35. Rb5 Kd6 36. Kd4 f6 37. f4 Kd7 38. e4 Ke7 39. Rc4 Kd7 40. Ke3
Re8 41. a5 Reb8 42. Rcb4 Kc6 43. axb6 Rxb6 44. Rxb6+ Rxb6 45. Rxb6+ Kxb6 46.
Kd4 Kb5 47. Kc3 e5 48. fxe5 fxe5 49. b4 g5 50. h3 1-0

[Event "1. SC Anhalt-SG Jasmund"]
[Site "?"]
[Date "2020.09.11"]
[Round "3.3"]
[White "Wellßow, Keoki"]
[Black "Lautenschläger, Friedrich"]
[Result "1-0"]
[WhiteElo "1578"]
[BlackElo "1552"]
[PlyCount "67"]
[EventDate "2020.??.??"]
[WhiteTeam "SG Jasmund"]
[BlackTeam "1. SC Anhalt"]

1. g3 d5 2. Bg2 Nf6 3. c4 e6 4. e3 b6 5. d4 Bd6 6. Nc3 O-O 7. b3 Ba6 8. cxd5
Bb4 9. Bd2 Bxc3 10. Bxc3 Nxd5 11. Bb2 Nxe3 12. fxe3 c6 13. Ne2 Qf6 14. Qd2 Rd8
15. d5 Qf5 16. Qc3 f6 17. Nd4 Qh5 18. Bf3 Qe5 19. dxc6 Nxc6 20. Nxc6 Qxc3+ 21.
Bxc3 Rd3 22. Ne7+ Kf7 23. Bxa8 Rxc3 24. Nc6 Rxe3+ 25. Kd2 Re2+ 26. Kc3 e5 27.
Nb4 Re3+ 28. Kb2 Re2+ 29. Kc3 Re3+ 30. Kd2 Re2+ 31. Kd1 Bb5 32. a4 Rb2 33. axb5
Rxb3 34. Bd5+ 1-0

[Event "1. SC Anhalt-SG Jasmund"]
[Site "?"]
[Date "2020.09.11"]
[Round "3.4"]
[White "Kopvillem, Mikhail"]
[Black "Wellßow, Lio Keanu"]
[Result "1-0"]
[WhiteElo "1516"]
[BlackElo "1207"]
[PlyCount "57"]
[EventDate "2020.??.??"]
[WhiteTeam "1. SC Anhalt"]
[BlackTeam "SG Jasmund"]

1. g4 d6 2. Bg2 Bxg4 3. Bxb7 Nd7 4. Bxa8 Qxa8 5. f3 Ngf6 6. Nc3 e5 7. e4 Bh5 8.
d3 d5 9. Bd2 Nc5 10. b4 Ncxe4 11. dxe4 dxe4 12. Nxe4 Nxe4 13. Qe2 Nf6 14. Qxe5+
Be7 15. O-O-O Bxf3 16. Nxf3 Qxf3 17. Qxc7 Nd5 18. Qc8+ Bd8 19. Rhe1+ Ne7 20.
Rxe7+ Kxe7 21. Bg5+ f6 22. Rd7+ Ke6 23. Rd3+ Ke7 24. Qd7+ Kf8 25. Rxf3 Bb6 26.
Qc8+ Ke7 27. Bxf6+ gxf6 28. Qxh8 Bd4 29. Qxh7+ 1-0

[Event "Königsspringer SC 1984-Weisse Dame HH"]
[Site "?"]
[Date "2020.09.11"]
[Round "3.1"]
[White "Popist, Florian"]
[Black "Summers, Jan"]
[Result "1-0"]
[WhiteElo "2017"]
[BlackElo "1664"]
[PlyCount "89"]
[EventDate "2020.??.??"]
[WhiteTeam "Weisse Dame HH"]
[BlackTeam "Königsspringer SC 1984"]

1. e4 e5 2. Nf3 Nc6 3. d4 exd4 4. Nxd4 Nf6 5. Nxc6 bxc6 6. e5 Qe7 7. Qe2 Nd5 8.
h4 f6 9. c4 Ba6 10. Rh3 Nb6 11. exf6 Qxe2+ 12. Bxe2 Bxc4 13. fxg7 Bxg7 14. Bh5+
Ke7 15. Nc3 Nd5 16. Bd2 Rhf8 17. b3 Nb4 18. Bg5+ Bf6 19. Bxf6+ Rxf6 20. O-O-O
Be6 21. Rf3 Raf8 22. Rxf6 Rxf6 23. Bf3 Nd5 24. Nxd5+ Bxd5 25. Bxd5 cxd5 26. f3
Rd6 27. Rd4 c5 28. Ra4 a6 29. Kd2 d4 30. Kd3 Re6 31. Rc4 d5 32. Rc2 a5 33. g4
Kd6 34. f4 Re7 35. g5 Rf7 36. Rf2 Re7 37. f5 Re3+ 38. Kd2 c4 39. bxc4 dxc4 40.
f6 c3+ 41. Kc2 Kc5 42. f7 Kc4 43. f8=Q d3+ 44. Kd1 c2+ 45. Kd2 1-0

[Event "Königsspringer SC 1984-Weisse Dame HH"]
[Site "?"]
[Date "2020.09.11"]
[Round "3.2"]
[White "Kipke, Mark"]
[Black "Türk, Janusch"]
[Result "1-0"]
[WhiteElo "1674"]
[BlackElo "1536"]
[PlyCount "71"]
[EventDate "2020.??.??"]
[WhiteTeam "Königsspringer SC 1984"]
[BlackTeam "Weisse Dame HH"]

1. e4 e5 2. Nf3 Nc6 3. Bc4 Bc5 4. b4 Bxb4 5. c3 Ba5 6. d4 exd4 7. O-O Nge7 8.
Ng5 d5 9. exd5 Ne5 10. Bb3 h6 11. cxd4 N5g6 12. Nxf7 Qd7 13. Nxh8 Nxh8 14. d6
Qxd6 15. Qh5+ Qg6 16. Qxa5 Bh3 17. Bd5 O-O-O 18. Bf3 Nc6 19. Qb5 Rf8 20. Qd5
Nf7 21. Bh5 Qf5 22. Qxf5+ Bxf5 23. Be3 Nb4 24. Na3 Nd5 25. Rac1 g6 26. Bf3 Nxe3
27. fxe3 Re8 28. e4 Bd7 29. e5 Ng5 30. Be2 Bc6 31. Bb5 Re6 32. Bc4 Re8 33. d5
Ba4 34. e6 Kd8 35. Bd3 Rg8 36. h4 1-0

[Event "Königsspringer SC 1984-Weisse Dame HH"]
[Site "?"]
[Date "2020.09.11"]
[Round "3.3"]
[White "Worthmann González, Luka"]
[Black "Busch, Jannis"]
[Result "1-0"]
[WhiteElo "1173"]
[BlackElo "1611"]
[PlyCount "83"]
[EventDate "2020.??.??"]
[WhiteTeam "Weisse Dame HH"]
[BlackTeam "Königsspringer SC 1984"]

1. e4 e5 2. Nf3 Nc6 3. d4 exd4 4. Nxd4 Nf6 5. Nc3 Bb4 6. Nxc6 bxc6 7. Bd3 O-O
8. O-O Bxc3 9. bxc3 Re8 10. Re1 d6 11. e5 dxe5 12. Bg5 Qd6 13. h3 Nd5 14. Qd2
f6 15. Be3 Be6 16. Rad1 Qa3 17. c4 Nxe3 18. Qxe3 Qxa2 19. Ra1 Qb2 20. Rxa7 Rxa7
21. Qxa7 Qb6 22. Qa4 Rd8 23. Re3 h6 24. Be4 Rd6 25. Bg6 Rd8 26. Be4 c5 27. Rd3
Rc8 28. Bc6 Kf8 29. Rb3 Ke7 30. Rxb6 cxb6 31. Qa7+ Kd6 32. Bb5 h5 33. Qxb6+ Ke7
34. Qb7+ Kf8 35. Qf3 Bf7 36. Qf5 Rd8 37. f4 Rd1+ 38. Kf2 Rd2+ 39. Ke1 Rd6 40.
Qc8+ Ke7 41. Qc7+ Ke6 42. f5+ 1-0

[Event "Königsspringer SC 1984-Weisse Dame HH"]
[Site "?"]
[Date "2020.09.11"]
[Round "3.4"]
[White "Riege, Ole"]
[Black "Yakhnin, Georgy"]
[Result "1-0"]
[WhiteElo "1207"]
[BlackElo "1036"]
[PlyCount "47"]
[EventDate "2020.??.??"]
[WhiteTeam "Königsspringer SC 1984"]
[BlackTeam "Weisse Dame HH"]

1. e4 c5 2. Nf3 d6 3. Nc3 Nc6 4. d4 cxd4 5. Nxd4 Nf6 6. Be3 g6 7. Bc4 Bg7 8. h3
O-O 9. O-O Bd7 10. Qd2 Nxd4 11. Bxd4 b5 12. Bd3 Bc6 13. a3 a5 14. b4 Qc7 15.
Rfc1 axb4 16. axb4 Rxa1 17. Rxa1 Rb8 18. f3 e5 19. Bf2 d5 20. Ra5 Qb7 21. Qe2
Bf8 22. exd5 Bxb4 23. dxc6 Qxc6 24. Rxb5 1-0

[Event "SK Nordhorn-Blanke-Turm Lüneburg"]
[Site "?"]
[Date "2020.09.11"]
[Round "3.1"]
[White "Wusterack, Paul"]
[Black "Brunner, Sophia"]
[Result "0-1"]
[WhiteElo "1599"]
[BlackElo "1859"]
[PlyCount "48"]
[EventDate "2020.??.??"]
[WhiteTeam "Turm Lüneburg"]
[BlackTeam "SK Nordhorn-Blanke"]

1. e4 e6 2. d4 d5 3. exd5 exd5 4. Bd3 Bd6 5. Ne2 Ne7 6. Bf4 Nbc6 7. c3 Ng6 8.
Bg3 O-O 9. O-O Nce7 10. Qc2 b6 11. Bxd6 Qxd6 12. f4 f5 13. Nd2 c5 14. dxc5 bxc5
15. b3 Be6 16. Rae1 c4 17. Nd4 cxd3 18. Qxd3 Bd7 19. Qg3 Nc6 20. N2f3 Nxd4 21.
cxd4 Bb5 22. Ng5 Bxf1 23. Qh3 h6 24. Re6 Nxf4 0-1

[Event "SK Nordhorn-Blanke-Turm Lüneburg"]
[Site "?"]
[Date "2020.09.11"]
[Round "3.2"]
[White "ter Stal, Lars"]
[Black "Rick, Niklas Corvin"]
[Result "1-0"]
[WhiteElo "1798"]
[BlackElo "1521"]
[PlyCount "65"]
[EventDate "2020.??.??"]
[WhiteTeam "SK Nordhorn-Blanke"]
[BlackTeam "Turm Lüneburg"]

1. e4 c5 2. Nf3 d6 3. d4 cxd4 4. Nxd4 Nf6 5. Nc3 a6 6. Be3 e5 7. Nb3 Be7 8. f3
Be6 9. Qd2 Nbd7 10. O-O-O b5 11. g4 Nb6 12. Kb1 Nc4 13. Bxc4 Bxc4 14. g5 Nd7
15. Nd5 Bxd5 16. Qxd5 Rc8 17. h4 Nb6 18. Bxb6 Qxb6 19. Nc1 Qc5 20. Qd2 a5 21.
Ne2 b4 22. Ng3 g6 23. Nf1 Qc6 24. Ne3 Qc5 25. Nd5 Qc6 26. Rh2 Qa6 27. Qe3 Qc6
28. Rhd2 Rd8 29. Qa7 Qd7 30. Qxa5 Qh3 31. Qxb4 Qxh4 32. Nxe7 Qxg5 33. Nc6 1-0